| 000 | 01444pam a2200349 a 4500 | ||
|---|---|---|---|
| 001 | 3541975 | ||
| 003 | ARRUPE | ||
| 005 | 20151008155804.0 | ||
| 008 | 970212s1998 nyu b 001 0 eng | ||
| 010 | _a 97009606 | ||
| 020 | _a0312175213 (U.S. : pbk.) | ||
| 020 | _a0333670647 (U.K. : pbk.) | ||
| 040 |
_aDLC _cDLC _dDLC |
||
| 043 | _ae-fr--- | ||
| 050 | 0 | 0 |
_aDC138 _b.B52 1998 |
| 082 | 0 | 0 |
_a944.04 _221 |
| 100 | 1 |
_aBlanning, T. C. W. _920198 |
|
| 245 | 1 | 4 |
_aThe French Revolution : _bclass war or culture clash? / _cT.C.W. Blanning. |
| 250 | _a2nd ed. | ||
| 260 |
_aNew York, N.Y. : _bSt. Martin's Press, _c1998. |
||
| 300 |
_avii, 87 p. ; _c22 cm. |
||
| 490 | 1 | _aStudies in European history | |
| 500 | _aFirst ed. published in 1987 with the subtitle: Aristocrats versus bourgeois? Atlantic Highlands, NJ : Humanities Press International, 1987. | ||
| 504 | _aIncludes bibliographical references (p. 71-84) and index. | ||
| 650 | 0 |
_aSocial classes _zFrance _xHistory _y18th century. _920199 |
|
| 650 | 0 |
_aCulture conflict _zFrance _xHistory _y18th century. _920200 |
|
| 651 | 0 |
_aFrance _xHistory _yRevolution, 1789-1799 _xCauses. _920201 |
|
| 651 | 0 |
_aFrance _xPolitics and government _y1789-1799 _xInfluence. _920202 |
|
| 906 |
_a7 _bcbc _corignew _d1 _eocip _f19 _gy-gencatlg |
||
| 942 |
_2lcc _cMONOGRAPH |
||
| 999 |
_c123490 _d123490 |
||